UBT Library

VASCULAR SURGERY (Record no. 8184)

000 -LEADER
fixed length control field 00297nam a22001337a 4500
008 - FIXED-LENGTH DATA ELEMENTS--GENERAL INFORMATION
fixed length control field 170321b xxu||||| |||| 00| 0 eng d
020 ## - INTERNATIONAL STANDARD BOOK NUMBER
International Standard Book Number 0815194056
041 ## - LANGUAGE CODE
Language code of text/sound track or separate title eng
080 ## - UNIVERSAL DECIMAL CLASSIFICATION NUMBER
Universal Decimal Classification number 616.12 -008-073
100 ## - Rafti
Rafti 7
101 ## - Shkurtesa
Shkurtesa SHM
245 ## - TITLE STATEMENT
Title VASCULAR SURGERY
Statement of responsibility, etc WHITTEMORE.A.D
942 ## - ADDED ENTRY ELEMENTS (KOHA)
Source of classification or shelving scheme
Item type Books
Holdings
Withdrawn status Lost status Source of classification or shelving scheme Damaged status Not for loan Collection code Permanent location Current location Shelving location Date acquired Total Checkouts Full call number Barcode Date last seen Price effective from Koha item type
          Koleksioni Referal UBT - Lipjan UBT - Lipjan Koleksioni i përgjithshem 03/21/2017   616.12 -008-073 WHI 002-032092 03/21/2017 03/21/2017 Books
          Koleksioni Referal UBT - Lipjan UBT - Lipjan Koleksioni i përgjithshem 03/21/2017   616.12 -008-073 WHI 002-032087 03/21/2017 03/21/2017 Books
          Koleksioni Referal UBT - Lipjan UBT - Lipjan Koleksioni i përgjithshem 03/21/2017   616.12 -008-073 WHI 002-032095 03/21/2017 03/21/2017 Books
          Koleksioni Referal UBT - Lipjan UBT - Lipjan Koleksioni i përgjithshem 03/21/2017   616.12 -008-073 WHI 002-032088 03/21/2017 03/21/2017 Books
UBT Library © 2015-2024. All rights reserved University Education for Business and Technology